| LDR | | 06077cmm u2200637 i 4500 |
| 001 | | 000000340720 |
| 003 | | EBZ |
| 005 | | 20260127112642 |
| 006 | | m d |
| 007 | | cr cnu---unuuu |
| 008 | | 241101s2025 njua ob 001 0 eng |
| 010 | |
▼a 2024047357 |
| 015 | |
▼a GBC531580
▼2 bnb |
| 016 | 7 |
▼a 300534048
▼2 Uk |
| 020 | |
▼a 9781394266456
▼q electronic book |
| 020 | |
▼a 1394266456
▼q electronic book |
| 020 | |
▼a 9781394266463
▼q electronic book |
| 020 | |
▼a 1394266464
▼q electronic book |
| 020 | |
▼z 9781394266449 |
| 024 | 8 |
▼a CIPO000211936 |
| 040 | |
▼a EBZ
▼b eng
▼c EBZ
▼d 248032 |
| 042 | |
▼a pcc |
| 049 | |
▼a MAIN |
| 050 | 4 |
▼a LB1028
▼b .T57 2025eb |
| 082 | 04 |
▼a 370.72/1
▼2 23/eng/20250326
▼1 https://id.oclc.org/worldcat/ddc/E3c3V4cRkMwTYpK4MpYW4mhVg8 |
| 100 | 1 |
▼a Tisdell, Elizabeth J.,
▼d 1955-,
▼e author.
▼1 https://id.oclc.org/worldcat/entity/E39PCjwQPMqT7pVjMvC3JWtvgX |
| 245 | 10 |
▼a Qualitative research :
▼b a guide to design and implementation /
▼c Elizabeth J. Tisdell, Sharan B. Merriam, Heather L. Stuckey-Peyrot. |
| 250 | |
▼a Fifth edition. |
| 260 | |
▼a Hoboken, New Jersey :
▼b John Wiley & Sons, Inc.,
▼c [2025] |
| 300 | |
▼a 1 online resource (xxvii, 420 pages) :
▼b illustrations |
| 336 | |
▼a text
▼b txt
▼2 rdacontent |
| 337 | |
▼a computer
▼b c
▼2 rdamedia |
| 338 | |
▼a online resource
▼b cr
▼2 rdacarrier |
| 341 | 0 |
▼a textual
▼2 sapdv
▼3 EBSCOhost |
| 341 | 0 |
▼a textual
▼2 sapdv
▼3 EBSCOhost |
| 504 | |
▼a Includes bibliographical references and indexes. |
| 505 | 0 |
▼a Foreword / Paul Haidet -- The design of qualitative research. What is qualitative research? ; Six common qualitative research designs ; Expanding the qualitative paradigm : critical research, and action and community-based participatory research (CBPR) ; Qualitative research in mixed methods and arts-based approaches ; Designing your study and selecting a sample -- Collecting qualitative data. Conducting effective interviews ; Being a careful observer ; Mining data from documents and artifacts -- Analyzing and reporting qualitative data. Qualitative data analysis ; Validity, reliability, and ethics ; Writing up qualitative research -- Appendix. The methodology section of a qualitative research study / Sharan B. Merriam. |
| 520 | |
▼a "The essential guide to understanding, designing, conducting, and presenting a qualitative research study. Qualitative Research: A Guide to Design and Implementation, 5th Edition is filled with practical advice and proven guidance for designing and implementing qualitative research studies, and for communicating findings clearly and effectively. Readers will develop a strong foundation in qualitative research theory and application, including an understanding of data sources, data analysis tools, and the types of qualitative research. This revised Fifth Edition offers an expanded interdisciplinary focus, covering qualitative research in the medical and health professions, the social sciences, education, and the humanities. It also covers new tools and technologies--including discussion of AI in qualitative research--that facilitate the process of conducting, analyzing, and presenting research. Written in reader-friendly terms, Qualitative Research is accessible to both novice and experienced researchers. Discover the theories, techniques, and analysis methods that make for rigorous qualitative studies Consider issues related to online data collection, interpretation of results, and qualitative research ethics Learn to develop a strong theoretical framework to guide qualitative studies Discover how qualitative research is used in many fields, including healthcare Qualitative Research: A Guide to Design and Implementation is an indispensable reference for students and researchers looking to grow their knowledge of qualitative research methodologies across disciplines."--
▼c Provided by publisher. |
| 532 | 1 |
▼3 EBSCOhost
▼a "EBSCO evaluates our products based on the Web Content Accessibility Guidelines (WCAG) and the related Section 508 and EN 301 549 regulations in the US and EU. Most EBSCO products are substantially conformant with WCAG 2.2 level AA." Source: https://connect.ebsco.com/s/article/EBSCO-VPATs?language=en_US. Last accessed April 22, 2025. |
| 532 | 0 |
▼3 EBSCOhost
▼a "EBSCO evaluates our products based on the Web Content Accessibility Guidelines (WCAG) and the related Section 508 and EN 301 549 regulations in the US and EU. Most EBSCO products are substantially conformant with WCAG 2.2 level AA." Source: https://connect.ebsco.com/s/article/EBSCO-VPATs?language=en_US. Last accessed April 22, 2025. |
| 545 | 0 |
▼a Dr. Elizabeth J. Tisdell is Distinguished Professor Emerita of Lifelong Learning and Adult Education at Penn State University--Harrisburg. |
| 545 | 0 |
▼a Dr. Sharan B. Merriam is a retired professor of adult education at the University of Georgia. She is the author, coauthor, or editor of numerous books, including Learning in Adulthood. |
| 545 | 0 |
▼a Dr. Heather L. Stuckey-Peyrot is co-director of the Qualitative and Mixed-Method Core at the Penn State College of Medicine. |
| 588 | |
▼a Description based on online resource; title from digital title page (EBSCOhost, viewed October 24, 2025). |
| 590 | |
▼a WorldCat record variable field(s) change: 050 |
| 650 | 0 |
▼a Education
▼x Research
▼x Methodology. |
| 650 | 0 |
▼a Education
▼x Research
▼v Case studies. |
| 650 | 0 |
▼a Case method. |
| 650 | 0 |
▼a Qualitative research. |
| 650 | 7 |
▼a case method.
▼2 aat |
| 700 | 1 |
▼a Merriam, Sharan B.,
▼e author.
▼1 https://id.oclc.org/worldcat/entity/E39PBJw4Cr3BQPPTBBK6hHF7pP |
| 700 | 1 |
▼a Stuckey, Heather,
▼d 1969-,
▼e author.
▼1 https://id.oclc.org/worldcat/entity/E39PCjrx4yK4JcMPd3Yf368YKd |
| 700 | 1 |
▼a Haidet, Paul,
▼e writer of foreword. |
| 776 | 08 |
▼i Print version:
▼a Tisdell, Elizabeth J., 1955-
▼t Qualitative research.
▼b Fifth edition.
▼d Hoboken, New Jersey : John Wiley & Sons, Inc., [2025]
▼z 9781394266449
▼w (DLC) 2024047356 |
| 856 | 40 |
▼3 EBSCOhost
▼u https://search.ebscohost.com/login.aspx?direct=true&scope=site&db=nlebk&db=nlabk&AN=4164126 |
| 938 | |
▼a EBSCOhost
▼b EBSC
▼n 4164126 |
| 990 | |
▼a 관리자 |